[Event "Ita op 1st"]
[Site "Ita"]
[Date "2022.02.13"]
[Round "5"]
[White "Moreno, Carlos Frutos"]
[Black "Oviedo Acosta, Paula"]
[Result "1/2-1/2"]
[WhiteElo "1440"]
[BlackElo "1766"]
[PlyCount "104"]
[EventDate "2022.02.11"]
[EventType "swiss"]
[EventRounds "7"]
[EventCountry "PAR"]
[SourceTitle "EXT 2023"]
[Source "ChessBase"]
[SourceDate "2022.10.05"]
[SourceVersion "1"]
[SourceVersionDate "2022.10.05"]
[SourceQuality "1"]

1. e4 c5 2. Nc3 a6 3. g3 Nc6 4. Bg2 Nf6 5. d3 e6 6. f4 d5 7. e5 Nd7 8. Nf3 Be7 9. Ne2 0-0 10. 0-0 b6 11. d4 Bb7 12. c3 Rc8 13. Be3 Qc7 14. Rc1 Na5 15. Qd3 Rfe8 16. f5 exf5 17. Qxf5 Nf8 18. Bg5 Qd7 19. Qxd7 Nxd7 20. Bh3 Rc7 21. Bxe7 Rxe7 22. b3 h6 23. Rfd1 Nf8 24. Nf4 Ne6 25. Nxe6 fxe6 26. Nh4 Kh7 27. Ng2 Bc8 28. Nf4 Nc6 29. Ne2 Nd8 30. c4 Bd7 31. cxd5 exd5 32. Bg2 Bg4 33. Rd2 cxd4 34. Rxc7 Rxc7 35. Bxd5 Re7 36. Rxd4 Rxe5 37. Be4+ g6 38. Nf4 Ne6 39. Bxg6+ Kg7 40. Rd7+ Kh8 41. Nxe6 Rxe6 42. Rd8+ Kg7 43. Bd3 b5 44. Rd4 Bh5 45. g4 Bf7 46. Kf2 Rf6+ 47. Kg2 Be6 48. h3 Bc8 49. Be4 h5 50. Bf3 hxg4 51. hxg4 Kg6 52. a4 bxa4 1/2-1/2